Шифртелеграмма наркома по иностранным делам СССР М. М. Литвинова в НКИД СССР о беседах с министром иностранных дел Франции Л. Ба...

RUSMARC
00007038cbm0a2200313#x 450
0013b92d963-a878-420e-bd2f-6a4d813411c5
00520230314115748.0
100##$a20200421j19340920k###0rusy50 ca
1010#$arus
102##$aRU
1220#$ad19340920##
2001#$aШифртелеграмма наркома по иностранным делам СССР М. М. Литвинова в НКИД СССР о беседах с министром иностранных дел Франции Л. Барту и министром иностранных дел Чехословакии Э. Бенешем о перспективах Восточного пакта, франко-итальянской договоренности относительно Туниса и гарантиях независимости Австрии
$j20 сентября 1934 г.
251##$cДокумент
300##$aЗаверенная копия
461#0$12001
$aФ. 059
$1251
$cФонд
$1852
$j059
462#0$12001
$aОп. 1. П. 168
$1251
$cОпись
$1852
$j1. П. 168
462#0$12001
$aД. 1273
$vЛ. 70-71
$1251
$cДело
$1852
$j1273
605##$aВторая мировая война в архивных документах (Комплекс оцифрованных архивных документов, кино- и фотоматериалов)
$lколлекция
$2acquisition_Prlib
$3LIBNET\UAF\0000088514
605##$aРоссия и страны Африки: из истории взаимоотношений
$lколлекция
$2acquisition_Prlib
$3LIBNET\UAF\0000106523
617##$2prlib_sh
$aСССР
$f1934
617##$2prlib_sh
$aФранция
$f1934
617##$2prlib_sh
$aЧехословакия
$f1934
617##$2prlib_sh
$aТунис
$f1934
617##$2prlib_sh
$aИталия
$f1934
617##$2prlib_sh
$aАвстрия
$f1934
801#0$aRU
$bПБ им. Б.Н. Ельцина
$c20200421
801#1$aRU
$bПБ им. Б.Н. Ельцина
$c20200421
$2rusmarc
801#2$aRU
$bПБ им. Б.Н. Ельцина
$c20200423
$2rusmarc
850##$aАрхив внешней политики Российской Федерации
852##$aАВП РФ
$jЛ. 70-71
035##$aLIBNET\0001069793
937##$d144128546
$hФедеральное архивное агентство
8564#$uhttp://readingroom.main.prlib.ru/item.aspx?id_node=n144128546&mode=full
600#1$2nlr_sh1
$3RU\NLR\AUTH\66111528
$aБарту
$gЖан Луи
$bЖ.Л.
$f1862 - 1934
$jДокументы и материалы
600#1$aБенеш
$bЭ.
$gЭдуард
$f1884 - 1948
$jДокументы и материалы
$2nlr_sh
$3RU\NLR\AUTH\66123801
607##$2prlib_sh
$3LIBNET\UAF\0000092081
$aФранция
$xВнешняя политика
$yГермания
$z1934
$jДокументы и материалы
607##$aФранция
$xВнешняя политика
$yИталия
$z1934
$jДокументы и материалы
$2prlib_sh
$3LIBNET\UAF\0000092149
6061#$2nlr_sh1
$3RU\NLR\AUTH\66233437
$aВосточный пакт
$z1934
$jДокументы и материалы
686##$2rubbk
$a63.3(4Фра)61-6ю11
$vLBC/M
686##$a63.3(4Ита)61-6ю11
$vLBC/M
$2rubbk
686##$a63.3(4Чея)61-6ю11
$vLBC/M
$2rubbk
Формат отображения